Which Country fits the Category? - Statistics

General Stats
  • This quiz has been taken 48 times
  • The average score is 10 of 15
Answer Stats
Question Answer % Correct
Easy: Most populated India
100%
Easy: In Europe Ireland
100%
Easy: Largest by Area Russia
100%
Medium: Smallest by Area Vatican City
100%
Medium: Is an Island Madagascar
96%
Medium: Richest (Most GDP) USA
96%
Very Hard: Largest Producer of Wine Italy
69%
Hard: Happiest Finland
58%
Extremely Hard: Have a national sport called Paleta frontón. Peru
54%
Hard: Double Landlocked Uzbekistan
54%
Hard: Largest producer of potatoes China
46%
Impossible: Has a county/state, that in which, has two cathedrals named after the same saint. Northern Ireland
42%
Very Hard: Largest Producer of Iron Australia
31%
Very Hard: Largest Producer of Bananas India
31%
Extremely Hard: Has 6 Billionares Lebanon
12%
No matching quizzes found
Score Distribution
Percent of People with Each Score
Percentile by Number Answered
Your Score History
You have not taken this quiz